Linear algebra and group theory
Αποθηκεύτηκε σε:
| Κύριος συγγραφέας: | |
|---|---|
| Άλλοι συγγραφείς: | |
| Μορφή: | Βιβλίο |
| Γλώσσα: | English Russian |
| Δημοσίευση: |
New York :
Dover,
1970
|
| Θέματα: | |
| Ετικέτες: |
Προσθήκη ετικέτας
Δεν υπάρχουν, Καταχωρήστε ετικέτα πρώτοι!
|
MARC
| LEADER | 00000cam a2200000 i 4500 | ||
|---|---|---|---|
| 001 | 1/5341 | ||
| 008 | 100305s1970 eng d | ||
| 020 | |a 0-486-62624-5 | ||
| 035 | |l 10107127 | ||
| 040 | |a GR-MY-UA |b gre |e aacr | ||
| 041 | 0 | |a eng |h rus | |
| 082 | 0 | |a 512.22 |2 (22) | |
| 100 | 1 | |a Smirnov, V. I. |q (Vladimir Ivanovich), |d 1887-1974. | |
| 245 | 1 | 0 | |a Linear algebra and group theory / |c V. I. Smirnov ; revised, adapted, and edited by Riichard A. Silverman |
| 260 | |a New York : |b Dover, |c 1970 | ||
| 300 | |a 464 σ.; |c 21 εκ. | ||
| 500 | |a This dover edition published in 1970. is an unabridged and unaltered republication of the English translation originally published in 1961 by McGraw-Hill Book company, Inc. | ||
| 504 | |a Περιέχει ευρετήριο. | ||
| 650 | 0 | 0 | |a Group theory. |
| 650 | 0 | 0 | |a Algebras, Linear. |
| 650 | 0 | 0 | |a Matrices. |
| 700 | 1 | |a Silverman, Richard A. |e edt | |
| 852 | |a INST |b SAMOS |c MAG |e 20100305 |h 512.22 SMI |p 005300032239 |q 005300032239 |t BK |y 0 | ||
| 901 | |a BIBL3-2010-1 | ||
| 909 | |a Σ |b 161970 | ||
| 970 | |a ΣΙΤΖΙΜΗ |b ΓΙΑΣΕΜΗ |z 2010/03/05 | ||